000 00445cam a2200181ua 4500
020 _c155
041 _aeng
_h
082 _a530.474
_bJOS/EL
100 _aJoshi, A W .
245 _aElements of Group theroy for Physicists /
_cA W Joshi.
_hTextual Documents
250 _a4 /
_b.
260 _aNew Delhi :
_bNew Age International Ltd ,
_c1997.
300 _a ; .
365 _a155
504 _a
942 _cBK
999 _c3171
_d3171